América Latina y la crisis de hegemonía norteamericana

Sparad:
Bibliografiska uppgifter
Huvudupphovsman: Maira, Luis
Institutionell upphovsman: DESCO
Materialtyp: Text
Publicerad: Lima: DESCO
Taggar: Lägg till en tagg
Inga taggar, Lägg till första taggen!

MARC

LEADER 00000 a a2200000 04500
001 22963
003
040
090 |a 157600  
100 |a Maira, Luis  
110 |a DESCO  
245 |a América Latina y la crisis de hegemonía norteamericana  
260 |a Lima:   |b DESCO  
300 |a 269 p.  
500 |a Separata  
999 |c 4277  |d 4277